Физические основы и реализация метода электромагнитной эмиссии для мониторинга и краткосрочного прогноза изменений напряженно-деформированного состояния горных пород: автореферат диссертации на соискание ученой степени доктора технических наук; спец. 05.11.13

Dades bibliogràfiques
Autor principal: Беспалько А. А. Анатолий Алексеевич
Autor corporatiu: Национальный исследовательский Томский политехнический университет (ТПУ) Институт неразрушающего контроля (ИНК) Проблемная научно-исследовательская лаборатория электроники, диэлектриков и полупроводников (ПНИЛ ЭДиП)
Altres autors: Суржиков А. П. Анатолий Петрович (научный консультант)
Sumari:Заглавие с титульного экрана
Электронная версия печатной публикации
Idioma:rus
Publicat: Томск, 2019
Matèries:
Accés en línia:http://earchive.tpu.ru/handle/11683/53010
Format: MixedMaterials Electrònic Llibre
KOHA link:https://koha.lib.tpu.ru/cgi-bin/koha/opac-detail.pl?biblionumber=342531

MARC

LEADER 00000nlm0a2200000 4500
001 342531
005 20240131115056.0
035 |a (RuTPU)RU\TPU\book\371653 
035 |a RU\TPU\book\371651 
090 |a 342531 
100 |a 20190315d2019 k y0rusy50 ca 
101 0 |a rus 
102 |a RU 
105 |a a dm 000zy 
135 |a drcn ---uucaa 
181 0 |a i  
182 0 |a b 
200 1 |a Физические основы и реализация метода электромагнитной эмиссии для мониторинга и краткосрочного прогноза изменений напряженно-деформированного состояния горных пород  |e автореферат диссертации на соискание ученой степени доктора технических наук  |e спец. 05.11.13  |f А. А. Беспалько  |g Национальный исследовательский Томский политехнический университет (ТПУ)) ; науч. конс. А. П. Суржиков 
203 |a Текст  |c электронный 
210 |a Томск  |d 2019 
215 |a 1 файл (1 915 KB) 
300 |a Заглавие с титульного экрана 
300 |a Электронная версия печатной публикации 
606 1 |a Горные породы  |x Напряженно-деформированное состояние  |x Мониторинг  |2 stltpush  |3 (RuTPU)RU\TPU\subj\34168  |9 56191 
610 1 |a электронный ресурс 
610 1 |a авторефераты диссертаций 
610 1 |a труды учёных ТПУ 
610 1 |a физические основы 
610 1 |a электромагнитная эмиссия 
610 1 |a прогнозы 
610 1 |a твердотельные материалы 
610 1 |a электромагнитные сигналы 
610 1 |a электронные модели 
610 1 |a трещины 
610 1 |a разрушение пород 
610 1 |a акустическая эмиссия 
610 1 |a механические воздействия 
610 1 |a железорудные месторождения 
610 1 |a горные удары 
610 1 |a исследование 
610 1 |a аппаратура 
610 1 |a лабораторные условия 
610 1 |a натурные условия 
610 1 |a регистраторы 
610 1 |a датчики 
610 1 |a математическая обработка 
610 1 |a гетерогенные материалы 
610 1 |a диэлектрические структуры 
610 1 |a физическое моделирование 
610 1 |a геодинамические события 
675 |a 622.833(04)  |v 4 
686 |a 05.11.13  |2 oksvnk 
700 1 |a Беспалько  |b А. А.  |c специалист в области электрофизики  |c ведущий научный сотрудник Томского политехнического университета, кандидат физико-математических наук  |f 1948-  |g Анатолий Алексеевич  |3 (RuTPU)RU\TPU\pers\25152 
702 1 |a Суржиков  |b А. П.  |c физик  |c профессор Томского политехнического университета, доктор физико-математических наук  |f 1951-  |g Анатолий Петрович  |3 (RuTPU)RU\TPU\pers\22010  |4 695  |9 9307 
712 0 2 |a Национальный исследовательский Томский политехнический университет (ТПУ)  |b Институт неразрушающего контроля (ИНК)  |b Проблемная научно-исследовательская лаборатория электроники, диэлектриков и полупроводников (ПНИЛ ЭДиП)  |3 (RuTPU)RU\TPU\col\19033 
801 2 |a RU  |b 63413507  |c 20191216  |g RCR 
856 4 |u http://earchive.tpu.ru/handle/11683/53010 
942 |c CF